Spotrebovávame prirodzenú informáciu

Informačná spoločnosť, poznatková spoločnosť, poznatkové hospodárstvo. Poznanie a spoločenský rozvoj. Rámce transformácie svetového hospodárstva.

Gespeichert in:
Bibliographische Detailangaben
1. Verfasser: Choluj, Vladimír
Format: Buchkapitel
Sprache:Slowakisch
Schlagworte:
Tags: Tag hinzufügen
Keine Tags, Fügen Sie das erste Tag hinzu!

MARC

LEADER 00000naa a2200000 4500
001 0197012
005 20240502073325.2
041 0 |a slo 
044 |a SK 
245 1 0 |a Spotrebovávame prirodzenú informáciu  |c Vladimír Choluj 
520 |a Informačná spoločnosť, poznatková spoločnosť, poznatkové hospodárstvo. Poznanie a spoločenský rozvoj. Rámce transformácie svetového hospodárstva. 
610 2 0 |a vývoj spoločenský 
610 2 0 |a informácie 
610 2 0 |a spoločnosť informačná 
610 2 0 |a spoločnosť vedomostná 
610 2 0 |a ekonomika vedomostná 
610 2 0 |a ekonomika znalostná 
100 1 |a Choluj, Vladimír